000 00531nam a2200229 a 4500
001 nice12345678
003 IN_TiNIC
005 20260116011344.0
008 050524s1963 lona grp 000 0 eng
020 _a
_c0
082 0 0 _a270.6
_bDAN
100 _aDaniel-Rops, H
245 _aProtestant Reformatiion
260 _aLondon
_bJ. M. Dent & Sons Ltd
_c1963
300 _a57op
500 _aincludes index and biblioraphy
505 2 _aIndex
650 _aReformation
902 _bSRS
942 _cBK
999 _c804
_d804